LEADER 01089nam a2200253 i 4500 001 000000013326 003 CaOOAMICUS 005 20220404111545.0 008 180830s1982 it u000 u ita u 040 $aSeMil$bita 100 1 $aAriosto, Ludovico,$d<1474-1533>.$0(OLS)http://semarc/name/1232 245 10$aOrlando furioso /$cLudovico Ariosto ; a cura di Emilio Bigi. 264 1$aMilano :$bRusconi,$c1982. 300 $a2 v. ;$c21 cm. 490 1 $aClassici italiani : per l'uomo del nostro tempo 500 $aIn cofanetto. 650 4$aAriosto, Ludovico <1474-1533> . Orlando furioso.$0(OLS)http://semarc/subject/2204 700 1 $aBigi, Emilio,$d<1916-2009>.$0(OLS)http://semarc/name/6374 774 0 $aAriosto, Ludovico <1474-1533>$tCanti 1.-23.$w()137956 774 0 $aAriosto, Ludovico <1474-1533>$tCanti 24.-46.$w()137958 830 0$aClassici italiani : per l'uomo del nostro tempo.$0(OLS)http://semarc/title/14167 996 $6245$aOrlando furioso$9(OLS)http://semarc/title/10085 996 $6264$aMilano :$bRusconi$9(OLS)http://semarc/publisher/30258 LEADER 01483nam a2200241 i 4500 001 000000031458 003 CaOOAMICUS 005 20230504101827.0 008 180830s1730 fr u000 u fre u 040 $aSeMil$bita 100 1 $aSimon, Richard,$d<1638-1712>.$0(OLS)http://semarc/name/12844 245 10$aCritique de la bibliotheque des auteurs ecclesiastiques et des prolegomes de la bible publiez par M. Elies Du-Pin; avec des eclaircissemens & des supplémens .. par feu M. Richard Simon. Avec des remarques. Tome 1. [-4.]. 260 $aA Paris :$bChez Etienne Ganeau, libraire juré de l'université, ruë Saint Jacques, près la ruë du Plâtre, aux Armes de Dombes,$c1730. 300 $a4 v. ;$c8°. 500 $aFregio xilogr. sui front. - Testate, iniz. xilogr. 700 1 $aGaneau, Louis-Étienne,$c.$0(OLS)http://semarc/name/12748 774 0 $tTome 1.$g1$w()239155 774 0 $tTome 2.$g2$w()239159 774 0 $tTome 3.$g3$w()239160 774 0 $tTome 4.$g4$w()239158 996 $6245$aCritique de la bibliotheque des auteurs ecclesiastiques et des prolegomes de la bible publiez par M. Elies Du-Pin; avec des eclaircissemens & des supplémens .. par feu M. Richard Simon. Avec des remarques. Tome 1. [-4.]$9(OLS)http://semarc/title/42760 996 $6260$aA Paris :$bChez Etienne Ganeau, libraire juré de l'université, ruë Saint Jacques, près la ruë du Plâtre, aux Armes de Dombes$9(OLS)http://semarc/publisher/38901